Anagramme chansons TOP Single France - Statistiques

Statistiques générales
  • Ce quiz a été pris 177 fois
  • Le résultat moyen est 13 sur 24
Statistiques - réponses
Nombre de semaine N°1 Année Anagramme Chanson % Correct
22 2013 appyh Happy
97%
18 1998 llebe Belle
88%
17 2000 sel sior ud onmed Les rois du monde
72%
20 1999 bmoma N°5 Mambo N°5
70%
15 1992 urd dru d'tree ebeb Dur dur d'être bébé
67%
13 2010 omignn niognm mignon mignon
67%
13 1998 ym hrtea lilw og on my heart will go on
67%
13 2005 xeal F axel F
62%
15 2005 nu noedm rftaipa un monde parfait
62%
13 1987 seniv eribo nu p'itt cuop a la ainsmo viens boire un p'tit coup à la maison
59%
15 2017 saeph fo uyo shape of you
57%
16 2010 erov het onbiraw Over the rainbow
55%
13 2019 ngnidilb lithgs blinding lights
54%
13 1986 els meosnd ed ntiium les démons de minuit
53%
18 2017 itdeoscpa Despacito
51%
15 1993 lvngii no my won Living on my own
50%
21 2018 wlasloh Shallow
48%
13 1996 efred romf rdiese freed from desire
47%
15 2000 cse ersesio la ces soirées la
45%
14 2019 cndae menoyk dance monkey
40%
13 1995 asggant's apardies gangsta's paradise
39%
18 2020 areesmujla Jerusalema
27%
15 2004 rtgseaoad nid tie Dragostea din tei
26%
15 2014 rypare ni c prayer in c
26%
Aucun quiz correspondant
Distribution des résultats
% des personnes avec chaque résultat
Percentile par nombre de réponses
Votre historique - résultats
Vous n’avez pas pris ce quiz